00824nam a22002292i 450000100060000000300080000600500170001400800410003103500510007204000270012304100080015008200280015810000380018624500580022426000410028230000250032350400360034865000430038494200120042799900170043995201380045632003BD-RjUL20211209051758.0140423s1978 ii b 000 0 eng d aOCLC ocm08305326 from D941209Ma(BD-RjUL)32092 aDLCcDLCdBD-RjULbeng aeng a294.5921219bBHV 19781 aBhat, Govind Keshavd1914-99741810aVedic themes :barticles on Vedic topics /cG.K. Bhat aDelhi :bAjanta Publications,c1978. a119, [6] p. ;c23 cm aIncludes Bibliography: p. [120] aVedas Criticism, interpretation997419 2ddccBK c32003d32003 00102ddc40718NFICaRUCLbRUCLcReadingd1985-05-07eTulipg35.00l0o294.5921 BHV 1978r2014-04-23 00:00:00tC-1w2014-04-23yBK